000
00296nam a22001337a 4500
008
170608b xxu||||| |||| 00| 0 eng d
020
_a
9780133279580
041
_a
eng
080
_a
327
100
_a
18
101
_a
SHP
245
_a
THIRD WORLD DEVELOPMENT
_c
HANDELMAN.H
942
_2
udc
_c
BK
999
_c
16582
_d
16582